|
|
|
|
| LEADER |
00000cam a2200000 a 4500 |
| 001 |
vtls008402424 |
| 003 |
SK-MaSNL |
| 005 |
20260302041802.0 |
| 008 |
230403s1949 xo g 000 f slo |
| 015 |
|
|
|a SNBA19451955-012601
|
| 035 |
|
|
|a SK01SNKBKSFS20020094641
|
| 035 |
|
|
|a urn:nbn:sk:snk-am3htya
|
| 035 |
|
|
|a 855560DC-8ECF-44A7-A467-819478EAC663
|
| 035 |
|
|
|a urn:nbn:sk:snk-am00d989
|
| 035 |
|
|
|a SKM000097104
|
| 040 |
|
|
|a SNK
|b slo
|c SNK
|e AACR2
|
| 041 |
0 |
|
|a slo
|
| 044 |
|
|
|a xo
|c SK
|
| 072 |
|
7 |
|a 821.162.4-3
|x Slovenská próza
|2 konspekt
|
| 080 |
|
|
|a 821.162.4-32
|2 2001
|
| 100 |
0 |
|
|a Timrava,
|d 1867-1951
|4 aut
|9 37213
|
| 245 |
1 |
0 |
|a Tá zem vábna ; Márnosť všetko ; Strašný koniec
|c Timrava
|
| 250 |
|
|
|a 2. vyd.
|
| 260 |
|
|
|a Turčiansky Sv. Martin
|b Matica slovenská
|c 1949
|e Turčiansky Sv. Martin
|f Neografia
|
| 300 |
|
|
|a 184 s.
|c 19 cm
|
| 366 |
|
|
|e 3000 výtl.
|
| 490 |
1 |
|
|a Sobrané spisy Timravy
|v sv. 7
|
| 500 |
|
|
|a Dokument obsahuje 3 diela
|
| 655 |
|
7 |
|a slovenské novely
|2 SNKPH
|9 70570
|
| 655 |
|
7 |
|a slovenské poviedky
|2 SNKPH
|9 70226
|
| 740 |
0 |
2 |
|a Márnosť všetko
|
| 740 |
0 |
2 |
|a Strašný koniec
|
| 800 |
0 |
|
|a Timrava,
|d 1867-1951
|t Sobrané spisy
|9 289382
|
| 852 |
|
|
|a Slovenská národná knižnica
|
| 954 |
|
|
|a beletria pôvodná (slovenská)
|2 lita
|
| 958 |
|
|
|a ONDV
|
| 958 |
|
|
|a RK
|
| 999 |
|
|
|c 1080194
|d 1082124
|
| 952 |
|
|
|a SNK
|b SNK
|y VYP
|7 0
|p 17A0452672
|o snkSD 5750/7 D2
|i snkF 5548/62
|8 5
|0 0
|1 0
|4 0
|d 2010-03-12
|l 0
|r 2026-02-24 16:23:13
|w 2026-02-24
|
| 952 |
|
|
|a SNK
|b SNK
|y PREZ
|7 0
|p 17A0475481
|o snkSD 5750/7
|i snk5849/50
|0 0
|1 0
|4 0
|d 2007-01-18
|f 1
|l 0
|r 2025-11-13 00:00:00
|w 2026-02-24
|
| 952 |
|
|
|a SNK
|b SNK
|y VYP
|7 0
|p 17A0532416
|o snkSD 5750/7 D1
|i snkD 1286/62
|8 1
|0 0
|1 0
|4 0
|d 2007-01-18
|l 0
|r 2026-02-24 16:23:13
|w 2026-02-24
|